| 000 | 00550nam a2200181 a 4500 | ||
|---|---|---|---|
| 005 | 20220915063757.0 | ||
| 008 | 991125s19802004mx 000 0 spa u | ||
| 020 | _a9686006591 | ||
| 035 | _aUPN01000055554 | ||
| 049 | _aCG | ||
| 050 | 4 |
_aPN3191 M6 _bJ3.8 1980 |
|
| 100 | 1 | _aJáuregui, A. L. | |
| 245 | 1 | 0 |
_aTeatro escolar mexicano : _bpoemas, discursos y dramatizaciones para la escuela primaria / _cA. L. Jáuregui. |
| 260 |
_aMéxico : _bAvante, _c1980. |
||
| 300 |
_a235 p. : _bil. |
||
| 650 | 7 |
_aTeatro escolar infantil _2 _96353 |
|
| 905 | _aLibro | ||
| 999 |
_c55554 _d55554 |
||